| 000 | 00378nam a2200133Ia 4500 | ||
|---|---|---|---|
| 008 | 210430s9999 xx 000 0 und d | ||
| 020 | _a9781498725910 | ||
| 082 | _a620.112 M917A | ||
| 100 |
_aMott, Robert L. _934485 |
||
| 245 |
_aApplied Strength of Materials 5th _cMott, Robert L. |
||
| 260 |
_aNew York _bTaylor & Francis Group _c2015 |
||
| 300 | _a776p. | ||
| 942 |
_cREF _2ddc |
||
| 999 |
_c565734 _d565734 |
||